<?xml version="1.0" encoding="UTF-8"?><?xml-stylesheet type="text/xsl" href="static/style.xsl"?><OAI-PMH xmlns="http://www.openarchives.org/OAI/2.0/" xmlns:xsi="http://www.w3.org/2001/XMLSchema-instance" xsi:schemaLocation="http://www.openarchives.org/OAI/2.0/ http://www.openarchives.org/OAI/2.0/OAI-PMH.xsd"><responseDate>2026-05-17T21:02:57Z</responseDate><request verb="GetRecord" identifier="oai:recam.amb.cat:20.500.14439/4843" metadataPrefix="marc">https://recam.amb.cat/rest/oai/request</request><GetRecord><record><header><identifier>oai:recam.amb.cat:20.500.14439/4843</identifier><datestamp>2026-05-12T23:45:37Z</datestamp><setSpec>com_20.500.14439_2676</setSpec><setSpec>com_20.500.14439_126</setSpec><setSpec>col_20.500.14439_4842</setSpec></header><metadata><record xmlns="http://www.loc.gov/MARC21/slim" xmlns:dcterms="http://purl.org/dc/terms/" xmlns:xsi="http://www.w3.org/2001/XMLSchema-instance" xmlns:doc="http://www.lyncode.com/xoai" xsi:schemaLocation="http://www.loc.gov/MARC21/slim http://www.loc.gov/standards/marcxml/schema/MARC21slim.xsd">
   <leader>00925njm 22002777a 4500</leader>
   <datafield ind2=" " ind1=" " tag="042">
      <subfield code="a">dc</subfield>
   </datafield>
   <datafield ind2=" " ind1=" " tag="720">
      <subfield code="a">Mederos López, Jorge L</subfield>
      <subfield code="e">author</subfield>
   </datafield>
   <datafield ind2=" " ind1=" " tag="260">
      <subfield code="c">2020-12-01</subfield>
   </datafield>
   <datafield ind2=" " ind1=" " tag="520">
      <subfield code="a">En la presente Memoria Final se reflejan de manera sintética los resultados de las actividades desarrolladas durante la campaña 2020, y que desarrollamos en el Parc Natural de la Serra de Collserola desde enero de 2009 con el apoyo de vuestra institución. La campaña 2020 ha estado marcada por la pandemia de COVID-19. Esto ha afectado directamente tanto los muestreos sistemáticos que realizamos en el área, así como el número de salidas naturalistas habituales que ofrecemos para mostrar la riqueza natural de Collserola. No obstante, se han podido realizar las actividades que se detallan.</subfield>
   </datafield>
   <datafield ind1="8" ind2=" " tag="024">
      <subfield code="a">Mederos López, Jorge L. (2020). Biodiversitat d’Insecta al Parc Natural  de la Serra de Collserola. Seguiment sistemàtic de fauna i activitats naturalistes educatives.  Estudi finançat pel Consorci del Parc Natural de la Serra de Collserola.</subfield>
   </datafield>
   <datafield ind1="8" ind2=" " tag="024">
      <subfield code="a">https://hdl.handle.net/20.500.14439/4843</subfield>
   </datafield>
   <datafield tag="653" ind2=" " ind1=" ">
      <subfield code="a">Insectes</subfield>
   </datafield>
   <datafield tag="653" ind2=" " ind1=" ">
      <subfield code="a">Biodiversitat</subfield>
   </datafield>
   <datafield ind2="0" ind1="0" tag="245">
      <subfield code="a">Biodiversitat d'insecta al Parc Natural de la Serra de Collserola: seguiment sistemàtic de fauna i activitats naturalistes educatives, 2020</subfield>
   </datafield>
</record></metadata></record></GetRecord></OAI-PMH>